| 000 | 00501nam a2200181Ia 4500 | ||
|---|---|---|---|
| 008 | 240925s9999 xx 000 0 und d | ||
| 020 | _a9788122432046 | ||
| 082 | _a518 DUK | ||
| 100 | _aDukkipati, Rao V. | ||
| 245 | 0 | _aApplied Numerical Methods: Using MATLAB | |
| 250 | _aNA | ||
| 260 |
_aNew Delhi: _bNew Age International (Pvt) Limited _c,2011. |
||
| 300 |
_a472p. _b0 _fOriginal |
||
| 500 | _aIncludes Index | ||
| 600 | _aHumanities & Natural Science | ||
| 650 | _aMathematics | ||
| 942 | _cBK | ||
| 999 |
_c16615 _d16615 |
||